Mathematical bioeconomics (Registro nro. 2719)

Detalles MARC
000 -CABECERA
Campo de control 00797nam a2200253 a 4500
005 - FECHA Y HORA DE LA ULTIMA TRANSACCION
Campo de control 20200104041535.0
008 - ELEMENTOS DE LONGITUD FIJA—INFORMACION GENERAL
Campo de control 140306t1990 nyua gr|||| 00| 0 eng d
040 ## - FUENTE DE CATALOGACIÓN
Agencia catalogadora original CO-BoIAVH
Agencia transcriptora CO-BoIAVH
041 ## - IDIOMA
Código de idioma para texto/pista de sonido o título separado Inglés
044 ## - PAÍS DE PUBLICACIÓN
País de publicación Estados Unidos
082 #4 - NUMERO DE CLASIFICACION DECIMAL DEWEY
Número de clasificación 333.9501
Número del ítem C59m
100 1# - ASIENTO PRINCIPAL--NOMBRE PERSONAL
Nombre personal Clark, Colin W.
9 (RLIN) 17134
245 1# - MENCION DE TITULO
Título Mathematical bioeconomics
Parte restante del título the optimal management of renewable resources
250 ## - MENCION DE EDICION
Mención de edición 2 ed.
260 ## - PUBLICACION, DISTRIBUCION, ETC. (PIE DE IMPRENTA)
Lugar de publicación, distribución, etc. Nueva York
Nombre del editor, distribuidor, etc. John Wiley AND Sons
Fecha de publicación, distribución, etc. 1990
300 ## - DESCRIPCION FISICA
Extensión 386 paginas.
Otros detalles físicos ilustraciones ;
Dimensiones 24 x 16 cm .
650 #4 - ASIENTO SECUNDARIO DE MATERIA - TERMINO TEMATICO
Término temático o nombre geográfico como elemento de entrada Economía ambiental
9 (RLIN) 57999
650 #4 - ASIENTO SECUNDARIO DE MATERIA - TERMINO TEMATICO
Término temático o nombre geográfico como elemento de entrada Recursos naturales renovables
9 (RLIN) 58000
650 #4 - ASIENTO SECUNDARIO DE MATERIA - TERMINO TEMATICO
Término temático o nombre geográfico como elemento de entrada Modelos matemáticos
9 (RLIN) 58001
650 #4 - ASIENTO SECUNDARIO DE MATERIA - TERMINO TEMATICO
Término temático o nombre geográfico como elemento de entrada Modelos económicos
9 (RLIN) 9008
650 #4 - ASIENTO SECUNDARIO DE MATERIA - TERMINO TEMATICO
Término temático o nombre geográfico como elemento de entrada Desarrollo sostenible
9 (RLIN) 278
650 #4 - ASIENTO SECUNDARIO DE MATERIA - TERMINO TEMATICO
Término temático o nombre geográfico como elemento de entrada Bioeconomía
9 (RLIN) 17138
942 ## - ELEMENTOS ADICIONALES (KOHA)
Tipo de ítem Libro
Sistema de clasificación Dewey Decimal Classification
Existencias
Withdrawn status Lost status Sistema de Clasificación Damaged status No para préstamo Colección Inventariado Ubicación Permanente Ubicación actual Fecha de adquisición Fuente de Valor Total Checkouts Número topográfico Inventario / Código de Barras Date last seen Ejemplar Price effective from Forma de adquisición Tipo de material
    Dewey Decimal Classification     General Inventariado 2017 Bogotá Bogotá 13/06/2002 Amazon   LB-333.9501 C59m 004920 04/12/2012 Ej. 1 04/12/2012 Compra Libro